Państwa które wygrywały Euro. - Statystyki

Ogólne statystyki
  • Ten quiz został rozwiązany 75 razy
  • Średni wynik to 14 z 16
Statystyki odpowiedzi
Gospodarz Rok Zwycięzca % Poprawnych
Brak jednegogospodarza 2020 Włochy
99%
Hiszpania 1964 Hiszpania
99%
AustriaSzwajcaria 2008 Hiszpania
99%
PolskaUkraina 2012 Hiszpania
99%
Włochy 1968 Włochy
99%
Francja 2016 Portugalia
97%
Francja 1984 Francja
96%
BelgiaHolandia 2000 Francja
96%
Anglia 1996 Niemcy
96%
Portugalia 2004 Grecja
91%
RFN 1988 Holandia
91%
Francja 1960 ZSRR
81%
Szwecja 1992 Dania
79%
Belgia 1972 RFN
78%
Włochy 1980 RFN
78%
Jugosławia 1976 Czechosłowacja
75%
Nie znaleziono quizów pasujących do podanych kryteriów
Rozkład punktacji
Procent ludzi z każdym wynikiem
Percentyl według liczby udzielonych odpowiedzi
Twoja historia wyników
Nie rozwiązałeś tego quizu